00628nam a22002177a 450000500170000001000130001702000230003003500130005303700160006604000120008208200160009410000210011024500820013126000450021327000460025830000200030450000200032465000220034465000280036670000160039420170124110234.0 aB-106241 c225.00a8120321944 aB-106241 bCen Lib/Ret aDPLbEN a621.31bPAI aPaithankar, Y.G. aFundamental of power system protection /cby Y.G. Paithnkar [and] S.R. Bhide  aNew DelhibPrentice hall of India c2005 bNew DelhiaM-97, Connaught circus e11001 a287p.c23cm(Hb) aIncludes index  aComputer science  aPower system protection aBhide, S.R.